| 000 | 00757nam a2200229 a 4500 | ||
|---|---|---|---|
| 005 | 20230223063632.0 | ||
| 008 | 121024s2007 mx r 000 0 spa d | ||
| 020 | _a9788498262964 | ||
| 035 | _aUPN01000188034 | ||
| 049 | _aI | ||
| 050 | 4 |
_aPQ8220.29 T6.5 _bG8.2 |
|
| 100 | 1 |
_aSt'Omer Zamora, Thomas Javier, _d1966- _932886 |
|
| 245 | 1 | 3 |
_aEl guambra volador / _cThomas Javier St'Omer ; il. Marco Chamorro. |
| 260 |
_aValencia, Esp. : _bECIR, _c2007. |
||
| 300 |
_a[32] p. : _bprincipalmente il., col. |
||
| 440 | 0 |
_aMulticolor ; _v14. _pPequeños lectores de 6 a 8 años |
|
| 650 | 4 |
_aLITERATURA INFANTIL ECUATORIANA _919418 |
|
| 650 | 7 |
_aDiscriminación racial _2 _94625 |
|
| 700 | 1 |
_aChamorro, Marco, _eil. |
|
| 905 | _aInfantil | ||
| 999 |
_c160137 _d160137 |
||